000
00407nam a2200133Ia 4500
008
100328s9999 xx 000 0 und d
082
_b
56513
100
_a
भोसले राजन
245
_a
कथा कामजीवनाची.
260
_b
दृष्टी
630
_a
कथा कामजीवनाची.
730
_a
कथा कामजीवनाची.
942
_c
BOOK
999
_c
543061
_d
543058